[Event "FIDE World Cup"]
[Site "Khanty-Mansiysk"]
[Date "2005.11.30"]
[Round "2.1"]
[White "Grischuk, Alexander"]
[Black "Istratescu, Andrei"]
[Result "1-0"]
[WhiteElo "2720"]
[BlackElo "2622"]
[Annotator "Kritz,L"]
[PlyCount "50"]
[EventDate "2005.11.27"]
[EventType "k.o."]
[EventRounds "7"]
[EventCountry "RUS"]
[SourceTitle "CBM 111"]
[Source "ChessBase"]
[SourceDate "2006.04.04"]
[SourceVersion "1"]
[SourceVersionDate "2006.04.04"]
[SourceQuality "1"]

1. e4 {Ftacnik} c5 2. Nf3 e6 3. d4 cxd4 4. Nxd4 a6 {Das ist eine der ganz
populären Varianten, so spielen heutzutage viele Spitzenspieler.} 5. Bd3 Bc5 6.
Nb3 Ba7 (6... Be7 {ist die andere Hauptvariante.} 7. Qg4 g6 (7... Nf6 8. Qxg7
Rg8 9. Qh6 Rxg2 10. Qh3 Rg8 11. Nc3 $14 {/\ Be3/Bf4 - 0-0-0}) 8. Qe2 d6 9. Nc3
(9. c4 $5 Qc7 10. Nc3 b6 $132) 9... Qc7 10. O-O Nd7 11. Bd2 b6 12. f4 Ngf6 13.
Rae1 Bb7 $132) 7. Qg4 (7. Qe2 {ist die öfters gespielte Fortsetzung} Nc6 8. Be3
d6 9. f4 {Das ist wohl die beste Methode, gegen diese von Schwarz gewählte
Variante zu kämpfen. Man wartet ab mit der Entwicklung des Springers und macht
alle notwendigen Züge.} (9. N1d2 $2 {Dieser Zug mit der Idee der langen
Rochade scheitert an einer unerwarteten Reaktion:} e5 $1 10. f4 {ist hier wohl
das Beste.} (10. Bxa7 Rxa7 11. Nc4 b5 12. Ne3 Nf6 13. O-O-O Be6 $15 {Schwarz
hat einen super Najdorfaufbau erreicht.}) 10... Nf6 11. O-O-O Bg4 12. Nf3 Bxe3+
13. Qxe3 exf4 14. Qxf4 Qc7 15. h3 Be6 16. Nbd4 Nxd4 17. Nxd4 O-O $11) (9. Nc3 {
ist auch gut spielbar, dieser Zug hat jedoch den Nachteil, dass Schwarz nach
Zügen b5 und a4 (von der Seite von Weiß) b4 mit Angriff auf den Springer
spielen kann.} Nf6 (9... Nge7 $5 10. O-O O-O 11. f4 b5 12. a4 Bxe3+ (12... b4
13. Nd1 Bxe3+ 14. Nxe3 $14) 13. Qxe3 b4 14. Ne2 $14) 10. O-O b5 11. a4 b4 (
11... Bxe3 {der Versuch die weiße Dame nach e3 zu locken endet traurig} 12.
axb5 $1 Bd4 (12... Bxf2+ 13. Qxf2 Ne5 14. Qd4 Nxd3 15. Qxd3 Bb7 16. Na5 $16)
13. Nd1 Qc7 14. bxc6 Bb6 15. Ne3 O-O (15... Qxc6 16. Nd5 $1 Bd8 17. Na5 Qd7 18.
Nxf6+ Bxf6 19. Nc4 $16) 16. Nc4 Qxc6 17. Nxd6 Qxd6 18. e5 Qb8 19. exf6 gxf6 20.
Qg4+ Kh8 21. Qh4 f5 22. Rfe1 $40) 12. Nd1 Bxe3 13. Nxe3 $14 {Weiß hat ein
leichtes Spiel, denn der schwarze Damenflügel ist sehr geschwächt.}) 9... Qc7 (
9... Nf6 $5 10. Bxa7 Rxa7 11. c4 O-O 12. O-O b6 13. Nc3 Nd7 14. Rad1 $14) 10.
O-O Nf6 11. Bxa7 Rxa7 12. Nc3 b5 13. a4 b4 14. Nd1 a5 15. Ne3 O-O 16. Kh1 Bb7
17. Ng4 Nxg4 18. Qxg4 Raa8 19. Rae1 $14 {Leko - Kasimdzhanov (San Luis, 2005)})
(7. O-O Nc6 8. Qg4 $6 Nf6 9. Qxg7 Rg8 10. Qh6 Ne5 $44 {zum Beispiel:} 11. Nc3
b5 12. Bf4 Neg4 13. Qh4 Nxf2 14. Rxf2 Rg4 15. Qh6 Bxf2+ 16. Kxf2 Ng8 $17) 7...
g6 $6 $146 {Ftacnik: 'Istratescu is coming up with a novelty that suffers a
great minus. The black darksquared bishop is far away from the complex of
weakened squares on the kingside.'  Die schwarzen Felder am Königsflügel sehen
nun furchtbar aus.} (7... Nf6 8. Qg3 d6 9. O-O (9. Nc3 $5 {der Plan mit der
langen Rochade ist ebenfalls interesant} Nc6 10. Bg5 h6 11. Bd2 Nh5 (11... Ne5
12. O-O-O g5 13. Be2 b5 14. f4 gxf4 15. Bxf4 Rg8 16. Qh3 Qe7 17. a3 $14 {
Smirin - Arencibia (Khanty Mansyisk, 2005)}) 12. Qf3 Qh4 13. g3 Ne5 14. Qe2 Qg4
15. O-O-O Qxe2 16. Bxe2 Nf6 17. f4 Neg4 18. Be1 Ke7 $11 {Vallejo Pons - Kamsky
(Khanty Mansyisk, 2005)}) 9... Nc6 10. Nc3 Ne5 11. Be2 O-O (11... b5 12. Bf4 b4
13. Rad1 Qe7 14. Rxd6 $1 Qxd6 (14... Ng6 15. e5 bxc3 16. exf6 gxf6 (16... Nxf4
17. Qxf4 gxf6 18. Rfd1 cxb2 19. Qa4+ Kf8 20. Rd8+ Kg7 21. Qg4+ Kh6 22. R8d3 $18
) 17. Bf3 Bb7 18. Na5 Bxf3 19. Qxf3 $16) 15. Bxe5 Qe7 16. Bd6 $16 {Nisipeanu -
Korneev (Benidorm, 2005)}) 12. Kh1 b5 13. f4 Nc4 14. e5 Ne8 15. a4 Bd7 16. axb5
axb5 17. Ne4 Bc6 18. Bd3 Bxe4 19. Bxe4 d5 20. Bd3 f5 21. c3 Nc7 {1/2-1/2
Delchev - Korneev (Benidorm, 2005)}) 8. Qg3 Nc6 9. Nc3 (9. Bf4 {Ftacnik} Nf6
10. Bd6 Nh5 11. Qf3 Bb8 12. Bxb8 Rxb8 13. Nc3 Qg5 14. g3 $14) 9... d6 10. h4
Nf6 (10... Nb4 {Ftacnik} 11. h5 $16) 11. Bh6 $16 {Schwarz wird nun lange Zeit
nicht rochieren können, während Weiß sein Spiel ganz bequem gestalten kann.}
Ne5 {'?' Ftacnik. Ftacnik: 'This naturally looking move is a great mistake,
since black is unable to develop the sensible initiative. Only the paradoxal
blow 11...Nh5!? was giving chances to complicate the game and slow down
white's initiative.'} (11... Nh5 $5 {Ftacnik} 12. Qh2 $1 b5 13. O-O Bb7 14. Be2
$14) 12. Be2 {'!' Ftacnik.} b5 13. f4 Nc4 (13... Ned7 {Ftacnik} 14. e5 $1 $16)
14. O-O-O Ne3 (14... Bb7 {Ftacnik} 15. Bg7 $1 Rg8 16. Bxf6 Qxf6 17. Bxc4 bxc4
18. Na5 O-O-O 19. Nxc4 $16) 15. Rd4 {'!!' Ftacnik. Ftacnik: 'Two exclamation
marks were deserved by Grischuk due to the excellent understanding of black's
problems. Most probably even 15.Rd3 was good enough, but the game move is
stronger.'} (15. Rd3 {Ftacnik} b4 16. Nb1 Nxe4 17. Qf3 Nf5 (17... Bb7 18. Rxe3
Nc3 19. Rxe6+ fxe6 20. Qxb7 $18) 18. Qxe4 d5 19. Bg5 Qxg5 20. Qe5 f6 21. Qc7
Qxg2 22. Bf3 $16) 15... Nfg4 (15... Bxd4 {Ftacnik} 16. Nxd4 Nc4 (16... b4 17.
Qxe3 bxc3 18. Qxc3 Bb7 19. Nc6 $18) 17. Bxc4 (17. Bg5 $5 Rg8 18. Bxc4 bxc4 19.
e5 $18) 17... bxc4 18. e5 $1 dxe5 (18... Nh5 19. Qf3 Ra7 20. Nc6 (20. Qc6+ Qd7
21. Ne4 Qxc6 22. Nxc6 Rd7 23. Nxd6+ Rxd6 24. exd6 Bb7 25. Ne5 $16) 20... Bb7
21. Qe3 Bxc6 22. Qxa7 $18) 19. fxe5 Bb7 20. exf6 Qxd4 21. Rd1 Qc5 (21... Qxf6
22. Bg5 Qg7 23. Qd6 f6 24. Re1 $18) 22. Be3 Qc6 23. Ne4 $1 $18) (15... Nc4 {
Ftacnik} 16. Bxc4 bxc4 17. Rxc4 $18) 16. Bxg4 Nxg4 17. Qxg4 Bxd4 (17... e5 {
Ftacnik} 18. Qe2 (18. f5 exd4 19. Nd5 f6 20. Bg7 $18) 18... exd4 19. Nd5 Be6
20. Bg7 Bxd5 21. exd5+ Qe7 22. Qd2 O-O-O 23. Bxh8 Rxh8 24. Nxd4 $16) 18. Nxd4
b4 19. Na4 Bd7 {Ftacnik: 'Istratescu was surely frantically searching for ways
to get even the slightest compensation for his problems. Unfortunatelly any
attempt to use the advance e6-e5 was leading to a catastrophy. '} (19... e5 {
Ftacnik} 20. Nf5 $1 gxf5 21. Qg7 Kd7 22. Qxf7+ Kc6 (22... Qe7 23. Nb6+ Kd8 24.
Bg5) 23. Qd5+ Kc7 24. Qxa8 $18) 20. b3 Bxa4 21. bxa4 Qd7 22. Kb1 Rc8 23. Rd1
Qxa4 24. f5 Ke7 25. fxe6 f6 1-0

[Event "Bundesliga 0506"]
[Site "Germany"]
[Date "2005.11.11"]
[Round "7.1"]
[White "Kasimdzhanov, Rustam"]
[Black "Lutz, Christopher"]
[Result "1/2-1/2"]
[WhiteElo "2670"]
[BlackElo "2609"]
[Annotator "Kritz,L"]
[PlyCount "97"]
[EventDate "2005.10.21"]
[EventType "team-tourn"]
[EventRounds "15"]
[EventCountry "GER"]
[SourceTitle "CBM 110"]
[Source "ChessBase"]
[SourceDate "2006.01.31"]
[SourceVersion "1"]
[SourceVersionDate "2006.01.31"]
[SourceQuality "1"]
[WhiteTeam "Godesberg"]
[BlackTeam "Porz"]
[WhiteTeamCountry "GER"]
[BlackTeamCountry "GER"]

1. e4 c5 2. Nf3 e6 3. d4 cxd4 4. Nxd4 a6 {Das ist eine der ganz populären
Varianten, so spielen heutzutage viele Spitzenspieler.} 5. Bd3 Bc5 6. Nb3 Be7 (
6... Ba7 {Ist die andere Hauptvariante.} 7. Qe2 Nc6 8. Be3 d6 9. f4 $14) 7. Qg4
{Es ist sinnvoll den Zug g6 zu provozieren und erst dann die Dame nach e2 zu
stellen. Dadurch schwächt Schwarz seinen Königsflügel und wird oft an der
kurzen Rochade durch Lh6 (sobald der Springer das Feld g8 verlässt) gehindert.}
g6 8. Qe2 (8. O-O {ändert grundsätzlich nichts, denn "Pseudoaktivität" mittels}
Nf6 9. Qe2 d5 $2 (9... d6 10. Bh6 $14) 10. e5 Nfd7 11. Bh6 $16 {zu einer
schlechten Stellung führt.}) 8... d6 9. O-O Nd7 {Schwarz sollte solange mit
der Entwicklung des g8-Springers abwarten, bis Weiß f4 gezogen hat, dann kann
nämlich der Läufer nicht mehr nach h6 kommen.} (9... Nf6 $2 10. Bh6 Nbd7 11. f4
$14) 10. a4 {Hier gibt es verschiedensten Pläne für Weiß:} (10. Bf4 Ne5 11.
N1d2 Nf6 12. Rfd1 Nxd3 (12... Qc7 $5 13. a4 Bd7 14. a5 Bc6 $132 {/\ Rd8}) 13.
Qxd3 O-O 14. a4 e5 15. Bg5 Be6 16. Nf1 Rc8 17. Ne3 Rc6 $11 {Alekseev - Milov 
(Biel, 2005)}) (10. Na3 $5 h5 11. f4 Qc7 12. Bd2 Ngf6 13. Kh1 h4 14. Rae1 e5
$132 {Smirnov - Milov (Warschau, 2005)}) (10. Nc3 {auch die typischen
Spielweisen bleiben weiterhin gut spielbar} Qc7 11. Bd2 b6 (11... b5 $2 {
ist nie gut solange man einen solchen Entwicklungsrückstand hat} 12. a4 b4 13.
Na2 a5 14. c3 bxc3 15. Nxc3 Ngf6 16. Nb5 Qb6 (16... Qb8 17. Nxa5 $18) 17. Be3
Qb8 18. Bh6 $16) 12. Rae1 Bb7 13. f4 (13. Kh1 $5 h5 14. f4 Ngf6 15. e5 $6 dxe5
16. fxe5 Ng4 17. Bf4 (17. Be4 Bxe4 18. Qxe4 Rc8 $11) 17... g5 18. Bg3 h4 19.
Qxg4 hxg3 20. Qxg3 f5 $5 21. Nd4 Nc5 22. Nxf5 $5 exf5 23. Bxf5 $40) 13... Ngf6
14. e5 {der direkte Versuch, den Vorteil zu erreichen} (14. f5 $6 gxf5 15. exf5
e5 $1 $15) 14... Nd5 (14... dxe5 15. fxe5 Nd5 (15... Nh5 16. Bh6 $16 {/\g4 xh5}
) 16. Nxd5 Bxd5 17. Bh6 $16) 15. Nxd5 Bxd5 16. Bxa6 $5 (16. c4 Bb7 17. Bc3 O-O
$132) (16. Bb4 Nc5 17. Nxc5 dxc5 18. Bc3 c4 19. Be4 Bxe4 20. Qxe4 O-O $11)
16... O-O $1 $44 (16... Qxc2 $2 17. Rc1 Qxb2 18. Bb5 Rd8 19. Rc7 Bxb3 20. axb3
Qxb3 21. Ra1 $16)) (10. c4 {macht hier keinen Sinn, da Schwarz sowieso den
Bauer nicht nach b5, sondern nach b6 ziehen will.} b6 11. Nc3 Bb7 12. Bd2 Qc7
13. Rae1 Ngf6 14. f4 (14. Bh6 Ne5 15. f4 Nxd3 16. Qxd3 O-O-O $1 $132) 14... O-O
$11 {der Bauer auf c4 ist eher eine Schwäche}) 10... Ne5 {Die Idee dieses
Zuges wird demnächst klar. Eine Alternative wäre} (10... Qc7 $5 11. a5 Ngf6 12.
Bh6 Bf8 13. Bxf8 Kxf8 14. f4 Kg7 15. N1d2 Rf8 16. Kh1 Rb8 17. Rae1 {1/2:1/2
Motylev - Svidler (Bermuda, 2003) Wobei man sagen muss, daß Weiß doch etwas
besser steht.}) 11. a5 Nf6 {jetzt sieht man, warum 10....Se5 gespielt wird -
Weiß kann Schwarz an der kurzen Rochade nicht mehr hindern.} 12. Nc3 (12. Bh6
Nfg4 $1 13. Bf4 (13. Bg7 Rg8 14. Bxe5 Nxe5 15. Nc3 Bd7 $11 {die schwarzen
Felder, über die Schwarz nun Dank dem Läufer die Kontrolle übernehmen wird,
sind mehr Wert, als die verlorene Rochade.}) 13... O-O $11) 12... Bd7 13. Be3 (
13. f4 Nxd3 (13... Nc6 $2 14. e5 Nh5 (14... dxe5 15. fxe5 Nh5 (15... Nd5 16.
Nxd5 exd5 17. Bh6 $16) 16. Bh6 Bg5 17. Ne4 $1 Bxh6 18. Nd6+ Kf8 19. Nxf7 $18) (
14... Nd5 15. Nxd5 exd5 16. exd6 $18) 15. Nd5 $1 exd5 (15... O-O 16. Nxe7+ Qxe7
17. Be3 $16) 16. exd6 O-O 17. dxe7 Qxe7 18. Qxe7 Nxe7 19. Nc5 Bc6 20. f5 $16)
14. cxd3 (14. Qxd3 Bc6 15. Be3 O-O $11 {Der Druck auf d6 allein reicht nicht,
um genügend Vorteil zu erreichen.}) 14... O-O 15. Be3 {es entsteht ähnliche
Stellung wie in der Partie}) 13... O-O 14. Bb6 (14. Na4 $5 {Nach Möglichkeit
müsste man versuchen den Springer auf b6 zu platzieren, denn der Läufer tut
auf b6 ziemlich wenig.} d5 $1 (14... Bxa4 15. Rxa4 Nxd3 16. cxd3 Rc8 17. Rc4
$14) (14... Bc6 15. Nb6 Rb8 (15... Nxe4 16. Bxe4 Bxe4 17. Bh6 Bc6 18. Bxf8 Bxf8
19. Nxa8 Bb5 20. Qe4 Bxf1 21. Qxb7 $18) 16. f4 Nxd3 17. cxd3 $14) 15. exd5 (15.
Nb6 dxe4 16. Bc5 (16. Nxa8 exd3 $19) 16... Nxd3 17. cxd3 Bb5 18. Nxa8 Bxd3 $17)
15... Nxd3 (15... Nxd5 16. Nb6 Nxb6 17. Bxb6 Qb8 18. Rfd1 $36) 16. Qxd3 exd5
17. Rfe1 (17. Nb6 Bb5 18. Qd4 Bxf1 19. Nxa8 Bb5 $11) 17... Bb5 18. Qd2 Bxa4 19.
Rxa4 Rc8 $14) 14... Qe8 15. f4 Nxd3 16. cxd3 (16. Qxd3 Bc6 (16... Bb5 17. Nxb5
Qxb5 18. c4 $1 $14 (18. Qxb5 $6 axb5 19. e5 Nd5 20. Nd4 dxe5 21. fxe5 b4 $15))
17. Nd4 d5 18. e5 Nd7 19. Nxc6 bxc6 20. Bf2 c5 $11) 16... e5 $2 (16... Bc6 $1
$11 {Schwarz hat das Läuferpaar und steht ziemlich sicher. Man müsste
versuchen, Figuren umzugruppieren und erst dann Operationen im Zentrum starten.
}) 17. f5 $2 (17. fxe5 $1 {Sieht zwar unlogisch aus, bringt aber großen
Vorteil, da schwarzen Figuren sehr ungeschickt stehen.} dxe5 18. d4 exd4 (18...
Bg4 19. Qe3 Nd7 20. dxe5 Nxe5 (20... Nxb6 21. axb6 $14) 21. Nd5 $16) 19. Bxd4
Be6 20. Bxf6 Bxb3 (20... Bxf6 21. Rxf6 Bxb3 22. Rb6 Be6 23. e5 $16) 21. e5 Bxf6
22. Rxf6 $16) 17... gxf5 18. exf5 Kh8 19. d4 Bd8 20. dxe5 $2 (20. Bxd8 Rxd8 21.
Rae1 $16) 20... dxe5 (20... Bxb6+ 21. axb6 Qxe5 22. Qxe5 dxe5 23. Na5 Rab8 24.
Rae1 Rfe8 25. Nc4 $16) 21. Bc5 (21. Bxd8 Rxd8 (21... Qxd8 22. Qxe5 $16) 22.
Rae1 e4 23. Nc5 Bc6 24. N5xe4 Nxe4 25. Nxe4 Bb5 26. Qh5 f6 (26... Bxf1 27. Nf6
$18) 27. Qxe8 Rfxe8 28. Rf4 Bc6 $44) 21... Rg8 22. Bd6 Bc6 23. g3 Nd7 $11 24.
Nd2 Be7 25. Nde4 Bxd6 26. Nxd6 Qe7 27. Rad1 Raf8 28. Qc4 Qf6 29. Nxb7 Bxb7 30.
Rxd7 Ba8 31. Nd5 Qh6 32. Qe2 Bc6 33. Rc7 Qd6 34. Rxc6 Qxc6 35. Qxe5+ f6 36. Qe6
Qc5+ 37. Kg2 Qd4 38. b4 Rg7 39. Rf4 Qd2+ 40. Rf2 Qd4 41. Re2 Rb7 42. Qe4 Qxe4+
43. Rxe4 Rd7 44. Nf4 Rfd8 45. Ne6 Rd2+ 46. Kh3 R8d5 47. Rc4 h5 48. Nf4 Rxf5 49.
Rc6 1/2-1/2

[Event "SCG-ch 2nd"]
[Site "Pancevo"]
[Date "2006.03.06"]
[Round "8"]
[White "Perunovic, Milos"]
[Black "Kontic, Djordjije"]
[Result "1-0"]
[WhiteElo "2508"]
[BlackElo "2355"]
[Annotator "Kritz,L"]
[PlyCount "127"]
[EventDate "2006.02.27"]
[EventType "tourn"]
[EventRounds "13"]
[EventCountry "YUG"]
[EventCategory "11"]
[SourceTitle "CBM 112"]
[Source "ChessBase"]
[SourceDate "2006.06.07"]
[SourceVersion "1"]
[SourceVersionDate "2006.06.07"]
[SourceQuality "1"]

1. e4 c5 2. Nf3 e6 3. d4 cxd4 4. Nxd4 a6 5. Bd3 Nc6 6. Nxc6 dxc6 (6... bxc6 7.
O-O d5 8. Nd2 Nf6 9. b3 Be7 10. Bb2 $14) 7. Nd2 (7. O-O e5 8. Nd2 {führt nur
zur Zugumstellung.}) (7. a4 $5 e5 $1 (7... a5 {Der eigene Bauer auf a5 wird
Schwarz bald stören.} 8. Nd2 (8. e5 $6 Qd5 9. O-O Qxe5 10. Nd2 Nf6 11. Nc4 Qc7
12. Be3 Nd5 $15) 8... e5 9. Nc4 Qc7 {Jetzt muss Schwarz den Bauern e5 auf
diese Art verteidigen, denn nach Ne5 gibt es kein Schach Qa5 mehr! Dies ist
der Sinn des Zwischenzuges 7.a4.} 10. Qh5 Bd6 11. Be3 Nf6 12. Qg5 O-O 13. O-O
$14) 8. a5 Bb4+ 9. Bd2 Bxd2+ 10. Nxd2 Be6 11. Qh5 Qd6 12. O-O Nf6 $11) 7... e5
8. Qh5 (8. Nc4 $6 {lässt den Vorteil ganz aus} Be6 $1 9. Bd2 (9. Nxe5 $4 Qa5+
$19) 9... Bxc4 10. Bxc4 Nf6 11. Qe2 Bd6 12. O-O-O Qe7 $11 {Das Läuferpaar kann
bei solcher Bauernstruktur seie volle Stärke kaum entfalten.}) 8... Bd6 9. Nc4
Bc7 (9... Nf6 $5 {ist der bessere Weg zum Ausgleich} 10. Nxd6+ Qxd6 11. Qe2 Nd7
$1 12. Be3 Nc5 13. O-O-O Qe7 $11) 10. Bg5 Nf6 11. Qe2 Be6 (11... h6 12. Bh4 Be6
13. O-O-O Qe7 14. f4 {->11....Be6}) 12. O-O-O Qe7 13. f4 h6 $1 14. Bh4 (14.
Bxf6 Qxf6 15. f5 Bxc4 16. Bxc4 b5 17. Bb3 a5 $11) 14... Bxc4 (14... Bg4 15.
Bxf6 Qe6 (15... Bxe2 16. Bxe7 Bxd1 17. Bd6 $1 b5 18. Bxc7 bxc4 19. Bxc4 Bh5 20.
Bxe5 $16) 16. f5 Bxe2 17. fxe6 Bxd1 18. Bxg7 Rg8 19. exf7+ Kxf7 20. Bxe5 Bxe5
21. Nxe5+ Ke6 22. Nc4 Bh5 23. Nb6 Raf8 24. Bc4+ $18) 15. Bxc4 exf4 (15... b5 $5
16. Bb3 (16. Bd3 Qe6 17. Bxf6 (17. f5 Qxa2 $17) 17... Qxf6 18. f5 Rd8 $11)
16... O-O $1 17. Bxf6 Qxf6 18. Rd7 a5 $3 19. Rxc7 a4 20. fxe5 Qg5+ (20... Qxe5
21. Bxf7+ Rxf7 22. Rxf7 Kxf7 23. a3 $1 $16 (23. Rf1+ Kg8 24. a3 Qxh2 25. Qf3
Qe5 $11)) 21. Kb1 axb3 22. cxb3 Qxe5 23. Rxc6 b4 $44) 16. e5 g5 17. Bf2 (17.
exf6 Qxe2 18. Bxe2 gxh4 19. Rhe1 O-O 20. Rd7 Be5 $13) 17... Nd5 18. Bxd5 cxd5
19. Rxd5 Qe6 20. Qd3 O-O 21. Bc5 Rfe8 22. Bd6 Bxd6 23. exd6 $14 {Dank dem weit
vorgerückten d-Bauern hat Weiß gewissen Vorteil im Endspiel.} Rad8 24. Rd1 Qe3+
25. Kb1 Qxd3 26. R5xd3 Re2 27. R3d2 Re5 28. c4 a5 29. Kc2 Kg7 30. b3 Kf6 31. a3
b5 32. a4 bxc4 33. bxc4 Ke6 34. d7 Ke7 35. Rd3 Rc5 36. Re1+ Kf8 37. Kc3 Rc7 38.
Red1 Ke7 39. Re1+ Kf8 40. Re5 Rcxd7 41. Rxd7 Rxd7 42. Rxa5 Rd1 43. Rb5 Rc1+ 44.
Kb4 Ke7 45. a5 Ke6 46. a6 Rb1+ 47. Kc5 Ra1 48. Kb6 g4 49. a7 f3 50. gxf3 gxf3
51. Rb2 f5 52. c5 f4 53. c6 f2 54. Rxf2 Rb1+ 55. Kc7 Ra1 56. Rxf4 Rxa7+ 57. Kb6
Ra2 58. Rh4 Rb2+ 59. Kc7 Re2 60. Rxh6+ Ke7 61. Rh5 Ke8 62. Kc8 Ke7 63. c7 Ke6
64. Rb5 1-0